Top 25 indispensables - Films de zombies - Statistiques

Statistiques générales
  • Ce quiz a été pris 27 fois
  • Le résultat moyen est 12 sur 25
Statistiques - réponses
Dates de sortie Nom du film Récap du film ! indice : Genre % Correct
5 1968 La Nuit des Morts-Vivants (saga des zombies) Chaque année, Barbara et Johnny vont fleurir la tombe de leur père. La nuit tombe quand soudain, un homme étrange apparaît. Il s'approche de Barbara puis attaque Johnny, qui tombe et est laissé pour mort. Terrorisée, Barbara s'enfuit et se réfugie dans une maison de campagne. Horreur/SF
77%
2 2002 28 Jours plus tard Un commando de la Protection Animale fait irruption dans un laboratoire top secret pour délivrer des dizaines de chimpanzés soumis à de terribles expériences Horreur/SF
73%
3 2009 Bienvenue à Zombieland Suite à une mutation du virus de la vache folle, les humains sont transformés en zombies. Deux survivants que tout oppose, sillonnent les routes et affrontent les zombies qui grouillent aux quatre coins du pays. Horreur/Comédie
73%
25 2007 Chronique des Morts-Vivants (saga des zombies) Des étudiants en cinéma tournent, dans une forêt, un film d'horreur à petit budget, lorsque la nouvelle tombe au journal télévisé -- partout dans le pays, on signale des morts revenant à la vie. Témoins de massacres, de destructions et du chaos ambiant, ils choisissent alors de braquer leurs caméras sur les zombies. Horreur/SF
73%
4 1978 Le Crépuscule des Morts-Vivants (saga des zombies) Alors que des hordes de zombies déferlent sur les États-Unis, la population terrifiée tente par tous les moyens d'échapper à l'attaque des morts-vivants, mais ni les villes ni les campagnes ne se révèlent sûres. Horreur/Action
73%
11 1985 Le Jour des Morts-Vivants (saga des zombies) Les morts-vivants se sont emparés du monde. Seul un groupe d'humains, composé de militaires et de scientifiques, survit dans un silo à missiles. Deux solutions se présentent : fuir ou tenter de contrôler les zombies. Horreur/Action
73%
16 2005 Le Territoire des Morts (saga des zombies) Dans un avenir pas si lointain, une poignée de survivants barricadés dans une ville bunker vit encore dans le souvenir de l'ancien monde... Des zombies, qui désormais pensent et communiquent, s'organisent pour prendre d'assaut la ville bunker. Kaufman, autoproclamé chef des vivants, engage un commando de mercenaires pour contrer les attaques de ces morts-vivants d'un genre nouveau... Horreur/SF
73%
1 2004 Shaun of the Dead Métro, boulot, dodo. C'est à peu de choses près la vie de Shaun , trentenaire britannique, vendeur de télévision sans ambition dont la vie sentimentale n'est guère plus réjouissante. Une invasion de morts-vivants dans sa petite vie de zombie va alors changer la donne. Horreur/Comédie
73%
13 2013 World War Z Un jour comme les autres, Gerry Lane et sa famille se retrouvent coincés dans un embouteillage monstre sur leur trajet quotidien. Ancien enquêteur des Nations Unies, Lane comprend immédiatement que la situation est inhabituelle. Tandis que les hélicoptères de la police sillonnent le ciel et que les motards quadrillent les rues, la ville bascule dans le chaos. Les gens s'en prennent violemment les uns aux autres et un virus mortel semble se propager. Horreur/Action
73%
9 2007 28 Semaines plus tard Six mois après l'épidémie, le virus de la rage a tué presque la totalité de la population des îles britanniques. L'armée américaine ayant déclaré le danger écarté, les soldats débarquent afin de restaurer l'ordre et de commencer la reconstruction. Les réfugiés rentrent au pays, mais l'un d'eux porte le virus, toujours actif et encore plus meurtrier. Horreur/SF
65%
7 2016 Dernier Train pour Busan Seok-woo, jeune homme d'affaires débordé, accepte de ramener sa fille Soo-an chez sa mère, dont il est séparé, à Busan. Ils embarquent dans un train, sans se douter que la ville qu'ils s'apprêtent à quitter vient d'être contaminée par un dangereux virus transformant la population en mort vivants. Le train finit par quitter la gare mais une femme contaminée est parvenue à grimper à bord. Elle menace à présent l'ensemble des voyageurs. Action/Horreur
65%
12 2007 Je suis une Légende Robert Neville était un brillant scientifique, mais même lui n'a pu endiguer le terrible virus, créé de la main de l'homme, qui a dévasté la race humaine. Pour une raison inconnue, Neville est immunisé et reste à ce jour le dernier être humain vivant dans ce qui reste de New York et peut-être du monde. Depuis trois ans, il envoie des messages de détresse à qui voudra bien l'entendre. Horreur/Action
65%
19 2002 Resident Evil Dans un immense laboratoire souterrain ont lieu des recherches secrètes. Lorsque l'alarme retentit, tout le monde croit à une simple simulation d'évacuation. Mais bientôt, l'horreur les rattrape. Un virus hautement mortel se propage à un rythme effréné dans les couloirs : en quelques minutes, il met fin à toute vie humaine. Alice et Rain sont à la tête d'une équipe de commandos et doivent s'introduire dans le laboratoire pour sauver le monde d'une menace bien plus horrifiante. Horreur/Action
54%
15 1981 Evil Dead Cinq amis passent leurs vacances dans une maison perdue dans les bois. Peu après leur arrivée, Ash et Scott, découvrent par hasard une cave remplie d'objets en tous genres dont un magnétophone qui, une fois en marche, réveille des créatures maléfiques. Des forces démoniques ne tardent pas à prendre possession d'eux. Horreur/Comédie
50%
10 2007 [REC] Une jeune journaliste et un collègue suivent des pompiers pour une intervention dans un appartement. Prise à son propre piège, la journaliste est enfermée avec le scoop qu'elle désirait ardemment. Elle embarque le spectateur dans un huis clos terrifiant quand un nouveau virus transforme les infectés en dangereux zombies. Horreur/Film à énigme
50%
17 1987 Evil Dead 2 Ash et Annie font halte dans un chalet visiblement abandonné. Ash y trouve un magnétophone et appuie sur le bouton. Il entend ainsi la confession du professeur Knowby, qui est parvenu à déchiffrer le fameux Livre des Morts. L'énoncé de certains noms réveille les forces du Mal contenues dans le livre. Horreur/Comédie
38%
24 1992 Evil Dead 3 - L'Armée des Ténèbres Une tronçonneuse greffée au poignet, un fusil à canon scié dans l'autre main, Ash, le héros des Evil Dead, remonte le cours du temps jusqu'en 1300. Là, il lui faut mettre la main sur le Nécronomicon, grimoire à l'origine de ses malheurs. Sa quête se transforme vite en effarante croisade, qui le mène à affronter une armée de squelettes. Horreur/Comédie
38%
6 2004 L'Armée des Morts Un quartier pavillonnaire aux États-Unis. Ana est infirmière dans l'hôpital de la région. Sa journée se déroule sans qu'elle prête attention aux nouvelles alarmantes égrenées par les stations de radio locales, mais tout bascule quand la fille de ses voisins, au comportement inexplicablement agressif, s'introduit au petit matin dans son appartement et tente de la mordre. Elle parvient à lui échapper en sortant de chez elle et découvre des scènes d'horreur. Horreur/Action
35%
23 2013 Warm Bodies Une terrible épidémie a détruit toute civilisation et engendré la domination de la terre par des zombies, avec quelques rescapés humains qui tentent de survivre. R est un zombie inhabituel, conscient de sa condition de mort-vivant. Lorsque R et ses semblables attaquent un groupe d'humains pour se nourrir, il sauve Julie parmi les victimes. Cette dernière se rend vite compte que R n'est pas un zombie comme les autres et les deux personnages entament une relation inhabituelle. Horreur/Romance
27%
14 2007 Planète Terreur Dans une petite ville, William et Dakota Block, un couple de médecins, constatent que leurs patients sont soudain frappés par la gangrène et affectés par un regard vide et inquiétant. De son côté, Cherry, go-go danseuse, s'est fait arracher la jambe lors d'une attaque. Wray, son ex-petit copain, veille sur elle. Mais Cherry a beau être au plus mal, elle n'a pas dit son dernier mot. Horreur/Action
23%
8 1992 Braindead Lionel Cosgrove, un jeune homme timide flanqué d'une mère envahissante fait la connaissance de la belle Paquita, dont il tombe amoureux. Ce qui n'est pas du goût de sa chère maman, bien décidée à gâcher cette relation. Horreur/Comédie
12%
18 1994 Dellamorte Dellamore Quelque chose fait sortir les morts de leurs tombes sous forme de zombies mangeurs de chair, et le gardien du cimetière Francesco Dellamorte en a assez de les tuer tous pour la deuxième fois. Mais les politiciens de la ville ne l'écoutent pas, et Francesco doit se débrouiller seul. Un jour, il s'éprend d'une belle femme dont le mari vient de mourir. Mais leur liaison est tragiquement interrompue par les zombies, ce qui plonge Francesco dans une spirale de folie et de malheur. Horreur/Comédie
12%
20 2005 Les Noces Funèbres En quête d'un titre de noblesse, les fortunés Van Dort ont arrangé le mariage de leur fils, Victor, avec Victoria, la fille d'un couple d'aristocrates ruinés. Les jeunes gens se rencontrent pour la première fois lors de la répétition de la cérémonie de leur mariage et, une chance pour eux, se plaisent énormément. Victor, nerveux, ne parvient pas alors à réciter sans hésitation son serment. Enfants/Cinéma de fantasy
12%
22 1985 Re-Animator Le Dr Herbert West, un savant qui a découvert la formule de l'immortalité, expérimente sur les patients décédés de l'hôpital d'Arkham... Horreur/SF
12%
21 1985 Le Retour des Morts-Vivants Freddy, "punk" repenti, a trouvé un emploi dans un entrepôt de fournitures médicales. Frank, le contremaître, lui fait visiter les lieux et lui montre des fûts métalliques contenant les restes de morts-vivants, sortis de leurs tombes en 1966, hâtivement récupérés et déposés ici par l'armée. Cependant, l'un des fûts laisse soudainement échapper un nuage de vapeur suffocante. Horreur/Comédie
8%
Aucun quiz correspondant
Distribution des résultats
% des personnes avec chaque résultat
Percentile par nombre de réponses
Votre historique - résultats
Vous n’avez pas pris ce quiz